书目信息 |
| 题名: |
人道主义与中国残疾人事业
|
|
| 作者: | 奚从清, 著 | |
| 分册: | ||
| 出版信息: | 杭州 浙江大学出版社 2018.11 |
|
| 页数: | 328页 | |
| 开本: | 26cm | |
| 丛书名: | ||
| 单 册: | ||
| 中图分类: | D669.69 | |
| 科图分类: | ||
| 主题词: | 残疾人--can ji ren--社会福利事业--研究--中国 | |
| 电子资源: | ||
| ISBN: | 978-7-308-18575-2 | |
| 000 | 00992nam0 2200229 450 | |
| 001 | 1958134834 | |
| 005 | 20191106160912.64 | |
| 010 | @a978-7-308-18575-2@dCNY48.00 | |
| 100 | @a20181130d2018 em y0chiy50 ea | |
| 101 | 0 | @achi |
| 102 | @aCN@b330000 | |
| 105 | @ay z 000yy | |
| 200 | 1 | @a人道主义与中国残疾人事业@Aren dao zhu yi yu zhong guo can ji ren shi ye@f奚从清著 |
| 210 | @a杭州@c浙江大学出版社@d2018.11 | |
| 215 | @a328页@d26cm | |
| 314 | @a奚从清, 1935年4月生, 江苏省南京市江宁人。浙江大学公共管理学院社会学系教授。 | |
| 330 | @a本书在改革开放40周年、中国残联成立30周年这个重要的历史节点上, 认真研究总结残疾人事业历史发展经验, 开创新时代中国特色残疾人事业有必要从理论和实践上系统总结改革开放以来中国特色残疾人事业的发展成就和历史经验, 为新时代中国特色残疾人事业发展提供理论支持。 | |
| 606 | 0 | @a残疾人@Acan ji ren@x社会福利事业@x研究@y中国 |
| 690 | @aD669.69@v5 | |
| 701 | 0 | @a奚从清,@Axi cong qing@f1935-@4著 |
| 801 | 0 | @aCN@b人天书店@c20181130 |
| 905 | @aBZT@dD669.69@e4 | |
| 人道主义与中国残疾人事业/奚从清著.-杭州:浙江大学出版社,2018.11 |
| 328页;26cm |
| ISBN 978-7-308-18575-2:CNY48.00 |
| 本书在改革开放40周年、中国残联成立30周年这个重要的历史节点上, 认真研究总结残疾人事业历史发展经验, 开创新时代中国特色残疾人事业有必要从理论和实践上系统总结改革开放以来中国特色残疾人事业的发展成就和历史经验, 为新时代中国特色残疾人事业发展提供理论支持。 |
| ● |
| 相关链接 |
|
|
|
正题名:人道主义与中国残疾人事业
索取号:D669.69/4
 
预约/预借
| 序号 | 登录号 | 条形码 | 馆藏地/架位号 | 状态 | 备注 |
| 1 | 860426 | 2000860426 | 思政阅览室/思1架A面3层3列/ [索取号:D669.69/4] | 在馆 | |
| 2 | 860427 | 2000860427 | 思政阅览室/思1架A面3层3列/ [索取号:D669.69/4] | 在馆 | |
| 3 | 860428 | 2000860428 | 第二书库/ [索取号:D669.69/4] | 在馆 |